| 000 | 00588nam a22001937a 4500 | ||
|---|---|---|---|
| 005 | 20240312120748.0 | ||
| 008 | 240312b |||||||| |||| 00| 0 eng d | ||
| 020 | _a9789351297567 | ||
| 082 |
_a617.7 _bBAG-W |
||
| 100 | _aBagheri, Nika | ||
| 245 |
_aThe Wills Eye Manual / _bOffice and emergency room diagnosis and treatment of eye disease: _cNika Bagheri, Brynn N. Wajda |
||
| 250 | _a7th ed. | ||
| 260 |
_aChina: _bWolters Kluwer _c2017. |
||
| 300 |
_axvii: 446p. : _bill: _c21 cm. |
||
| 500 | _ainclude index. | ||
| 650 | _aMedical / ENT | ||
| 700 | _a Brynn N. Wajda | ||
| 999 |
_c35329 _d35329 |
||